Introduction To (Record no. 958885)

MARC details
000 -LEADER
fixed length control field 00251nam a2200109Ia 4500
008 - FIXED-LENGTH DATA ELEMENTS--GENERAL INFORMATION
fixed length control field 231212s1982 xx 000 0 und d
041 ## - LANGUAGE CODE
Language code of text/sound track or separate title eng
082 ## - DEWEY DECIMAL CLASSIFICATION NUMBER
Classification number 1.64
100 ## - MAIN ENTRY--PERSONAL NAME
Personal name Leventhal L.A.
245 ## - TITLE STATEMENT
Title Introduction To
260 ## - PUBLICATION, DISTRIBUTION, ETC.
Place of publication, distribution, etc. Delhi
Name of publisher, distributor, etc. Printic
Date of publication, distribution, etc. 1982
Holdings
Withdrawn status Lost status Damaged status Not for loan Home library Current library Date acquired Cost, normal purchase price Total Checkouts Full call number Barcode Date last seen Price effective from Koha item type
        Institute of Technology (Poly) , Navi Mumbai Institute of Technology (Poly) , Navi Mumbai 13/12/2023 52.00   1.64 ITM-P-1737 13/12/2023 13/12/2023 Book